000 02240agaaa2200337 4500
001 8117
003 IT-RoPAU
005 20220918181230.0
007 d cvaizq
008 50131s9999||||xx ||| | || ||und||
040 _aIT-RoPAU
_cIT-RoPAU
041 _aITALIANO
100 _aVon Trotta Margarethe
_gCodice regista SPICS: 13333
_940401
130 _aANNI DI PIOMBO
_940402
240 _aBLEIERNE ZEIT (DIE)
_gT2177
245 _aANNI DI PIOMBO
_cProdotto da: Junkersdorf Eberhard -- Sceneggiatura: Von Trotta Margarethe -- Diretto da: Von Trotta Margarethe
_pANNI DI PIOMBO (Rif. Codice opera principale : H8117)
246 _aBLEIERNE ZEIT (DIE)
250 _aEdizione Standard
260 _a(GERMANIA)
_bBIOSKOP FILM / Distribuzione: MULTIMEDIA SAN PAOLO
_g"1981 (1° ed.: 2008 ; Ed. Lingua Orig.: 1981)"
300 _aDVD
_bsonoro, col.
_c106 minuti
508 _a"Fotografia: Rath Franz; Montaggio: Hirtz Dagmar; Musica: Economou Nicolas; Sceneggiatura: Von Trotta Margarethe; Scenografia: Klot Barbara; "
511 _a"Sukova Barbara; Vogler Rudiger; Anna Steinmann; Lampe Jutta; Bondy Luc; Czenki Margit"
520 _a"JULIANE E MARIANNE KLEIN SONO FIGLIE D'UN SEVERO PASTORE PROTESTANTE. JULIANE LAVORA IN UN GIORNALE FEMMINISTA E FA POLITICA; MARIANNE INVECE SI UNISCE AD UN GRUPPO TERRORISTICO ED ENTRA IN CLANDESTINITA'DOPO QUALCHE ANNO MARIANNE VIENE ARRESTATA E POCO DOPO MUORE. SUICIDA, DICONO LE AUTORITA' CARCERARIE. JULIANE NON CI CREDE E DIMOSTRA CHE LA SORELLA E' STATA UCCISA. OFFRE IL MATERIALE A UN GIORNALE MA SI SENTE DIRE CHE QUEI TEMI SONO SUPERATI DA ALTRI EVENTI. TORNA A CASA E DECIDE DI OCCUPARSI DEL FIGLIO DI MARIANNE,UN ORFANO CHE LA SOCIETA' HA GIA' SOTTOPOSTO A MOLTE PROVE. LEONE D'ORO ALLA MOSTRA DEL CINEMA DI VENEZIA 1981; DAVID DI DONATELLO MIGLIOR REGISTA STRANIERO 1982. TERRORISMO."
538 _aPAL, STEREO
546 _aITALIANO
650 _aDRAMMATICO
_eDVD-FILM [DVD]
_xCodice MATERIA SPICS: 9947
_940403
700 _aEconomou Nicolas
_e(musica)
_gCodice Musica SPICS: 7345
_940404
700 _aVon Trotta Margarethe
_e(regista)
_gCodice regista SPICS: 13333
_940405
700 _aVon Trotta Margarethe
_e(soggetto)
_gCodice Soggetto SPICS: 13333
_940406
942 _cDV
_2ddc
999 _c105260
_d105260